000 00727nam a2200133Ia 4500
008 171212s9999 xx 000 0 und d
020 _a9781760460723
245 _ceditor Podger, Andrew;Wanna, John
_aSharpening the Sword of State
_bBuilding executive capacities in the public services of the Asia-Pacific
260 _bANU E Press
_c2016
440 _aAustralia and New Zealand School of Government (ANZSOG)
650 _aPolitical Science
650 _aPublic officers -- Training of -- Pacific Area; Civil service -- Pacific Area -- Personnel management; Public administration -- Pacific Area; Pacific Area -- Officials and employees; Pacific Area -- Politics and government
856 _uhttp://jstor.org/stable/j.ctt1rqc997
999 _c351310
_d351310